00466nam a2200085Ia 4500008004100000245002500041300024800066650001600314856005000330170517s9999 xx 000 0 und d 4aThe Secrets of Sugar aFor many of us, sugar provides an instant feeling of warmth and comfort. We identify it as an essential component of great tasting foods, and of blissful culinary gratification. Its presence is unavoidable, even in foods that promise higher... xTechnology. uhttp://topdocumentaryfilms.com/secrets-sugar/